State Seals of the United States - Statistics

General Stats
  • This quiz has been taken 268 times
  • The average score is 31 of 50
Answer Stats
Picture Answer % Correct
California
87%
Kentucky
85%
Arizona
81%
Oregon
79%
Florida
78%
Alabama
77%
Rhode Island
77%
Washington
75%
Louisiana
74%
Maryland
73%
New York
73%
Massachusetts
72%
Michigan
72%
Utah
72%
Virginia
70%
Georgia
69%
Hawaii
69%
Illinois
69%
Connecticut
66%
Texas
65%
Alaska
63%
Indiana
63%
Maine
63%
New Hampshire
63%
Iowa
62%
Missouri
61%
Montana
60%
Oklahoma
60%
Colorado
59%
New Mexico
57%
Wisconsin
57%
New Jersey
56%
South Dakota
55%
Delaware
54%
Kansas
53%
Minnesota
53%
Nevada
53%
North Carolina
53%
Ohio
53%
South Carolina
53%
West Virginia
52%
Mississippi
51%
Vermont
51%
Idaho
50%
Tennessee
48%
North Dakota
47%
Wyoming
47%
Nebraska
46%
Pennsylvania
45%
Arkansas
43%
No matching quizzes found
Score Distribution
Percent of People with Each Score
Percentile by Number Answered
Your Score History
You have not taken this quiz